Statistics for Names for Crimes Quiz

Click here to take the quiz!

General Stats

  • This quiz has been taken 35,540 times
  • The average score is 12 of 22

Answer Stats

Description Crime % Correct
Intentional homicideMurder
94%
Illegal fire-startingArson
90%
Holding a person against their willKidnapping
76%
Mugging, for exampleRobbery
76%
Hanging around too longLoitering
70%
The act of betraying one's countryTreason
65%
Illegal huntingPoaching
63%
Being where you're not supposed toTrespass
59%
Illegal importationSmuggling
58%
Spoken defamationSlander
56%
Defamation in printLibel
53%
Illegal payments in exchange for influenceBribery
53%
Lying in courtPerjury
53%
Physical assaultBattery
51%
Defacing propertyVandalism
49%
Sneaking in and stealing somethingBurglary
49%
Having two spousesBigamy
47%
Shopping for a prostituteSolicitation
39%
Illegal deception for personal gainFraud
38%
Meeting to arrange a future crimeConspiracy
36%
Stealing from your employer, for exampleEmbezzlement
35%
BlackmailExtortion
29%

Score Distribution

Percentile by Number Answered

Percent of People with Each Score

Your Score History

You have not taken this quiz